Szegedi sikerek Salgótarjánban
Elmentve itt :
| Dokumentumtípus: | Cikk |
|---|---|
| Megjelent: |
1967-05-09
|
| Sorozat: | Délmagyarország
57 No. 107 |
| Kulcsszavak: | Molnár Gyula, Hulin István, tánczene |
| Online Access: | http://dmarchiv.bibl.u-szeged.hu/76998 |
| LEADER | 00427nab a2200145 i 4500 | ||
|---|---|---|---|
| 001 | delm76998 | ||
| 005 | 20180928084323.0 | ||
| 008 | 180928s1967 hu o 0|| hun d | ||
| 040 | |a SZTE Délmagyarország Archívum |b hun | ||
| 041 | |a hun | ||
| 245 | 0 | 0 | |a Szegedi sikerek Salgótarjánban |h [elektronikus dokumentum] |
| 260 | |c 1967-05-09 | ||
| 300 | |a 5 | ||
| 490 | 0 | |a Délmagyarország |v 57 No. 107 | |
| 695 | |a Molnár Gyula, Hulin István, tánczene | ||